Normal view
MARC view
Entry Personal Name
001 - CONTROL NUMBER
- control field: 82560
003 - CONTROL NUMBER IDENTIFIER
- control field: dpl
005 - DATE AND TIME OF LATEST TRANSACTION
- control field: 20250703171305.0
008 - FIXED-LENGTH DATA ELEMENTS
- fixed length control field: 250703|| aca||aabn | a|a d
040 ## - CATALOGING SOURCE
- Original cataloging agency: dpl
- Transcribing agency: dpl
100 ## - HEADING--PERSONAL NAME
- Personal name: Tripathi, Satyaprakash Mani
670 ## - SOURCE DATA FOUND
- Source citation: Work cat.: (dpl)150893: Tripathi, Satyaprakash Mani,, Deendayal upadhyaya :, 2016
